ბათუმის შოთა რუსთაველის სახელმწიფო უნივერსიტეტის ბიბლიოთეკა

გამოთვლითი ტექნიკის საფუძვლები : (ბიბ.ჩანაწერი № 38834)

000 -ლიდერი
ფიქსირებული სიგრძის საკონტროლო ველი 00929nam a2200205Ia 4500
001 - საკონტროლო ნომერი
საკონტროლო ველი 5242
003 - საკონტროლო ნომრის იდენტიფიკატორი
საკონტროლო ველი GE_BSU
005 - ბოლო ოპერაციის თარიღი და დრო
საკონტროლო ველი 20190510151921.0
008 - ფიქსირებული სიგრძის მონაცემთა ელემენტები - ზოგადი ინფორმაცია
ფიქსირებული სიგრძის საკონტროლო ველი 181216s1970||||ge |||||||||||||| ||geo||
040 ## - კატალოგიზაციის წყარო
Transcribing agency GE_BSU
041 ## - ენის კოდი
Language code of text/sound track or separate title geo
080 ## - უნივერსალური ათობითი კლასიფიკაციის ინდექსი
Universal Decimal Classification number 004(075.8) ხ-96
100 ## - მთავარი ჩანაწერი - პიროვნების სახელი
Personal name ხუციშვილი, რ.
9 (RLIN) 960
245 ## - ცნობა სათაურის შესახებ
Title გამოთვლითი ტექნიკის საფუძვლები :
Remainder of title დაპროგრამებული სახელმძვანელო /
Statement of responsibility, etc რ. ხუციშვილი ; რედ. ნ. გაბაშვილი.
264 ## - წარმოების, გამოცემის, დისტრიბუციის და სხვა ცნობები
გამოცემის, წარმოების, დისტრიბუციის... ადგილი თბილისი :
გამოცემის, წარმოების, დისტრიბუციის... სახელწოდება განათლება,
გამოცემის, წარმოების, დისტრიბუციის... თარიღი 1970.
300 ## - ფიზიკური აღწერა
Extent 363 გვ. :
Other physical details ნახაზ. ;
Dimensions 22 სმ.
653 ## - INDEX TERM--UNCONTROLLED
Uncontrolled term გამოთვლითი ტექნიკის საფუძვლები
700 ## - ADDED ENTRY--PERSONAL NAME
Personal name გაბაშვილი, ნ.
Relator term რედაქტორი
9 (RLIN) 961
942 ## - ADDED ENTRY ELEMENTS (KOHA)
Koha item type წიგნი
Source of classification or shelving scheme
ეგზემპლარები
ჩამოწერის სტატუსი დაკარგული ეგზემპლარის სტატუსი კლასიფიკაციის წყარო ან თაროზე გაწყობის სქემა დაზიანების სტატუსი არ გაიცემა მუდმივი მდებარეობა (დაცვის ადგილი) ამჟამინდელი ადგილსამყოფელი თაროზე განთავსების ადგილი შეძენის თარიღი ღირებულება, შესყიდვის ნორმალური ფასი სრული შენახვის შიფრი შტრიხკოდი ბოლო ოპერაციის თარიღი ეგზემპლარის მიმდევრობითი ნომერი (კეტერი?) ფასის ძალაში შესვლის თარიღი ეგზემპლარის სახეობა საჯარო შენიშვნა
          ტექნოლოგიური ფაკულტეტის ბიბლიოთეკა ტექნოლოგიური ფაკულტეტის ბიბლიოთეკა წიგნსაცავი 2018-12-17 1.84 004(075.8) ხ-96 11800 2018-12-17 11800 2018-12-17 წიგნი 1.84 ლ.
          ტექნოლოგიური ფაკულტეტის ბიბლიოთეკა ტექნოლოგიური ფაკულტეტის ბიბლიოთეკა წიგნსაცავი 2018-12-17 1.84 004(075.8) ხ-96 11801 2018-12-17 11801 2018-12-17 წიგნი 1.84 ლ.
          ტექნოლოგიური ფაკულტეტის ბიბლიოთეკა ტექნოლოგიური ფაკულტეტის ბიბლიოთეკა წიგნსაცავი 2018-12-17 1.84 004(075.8) ხ-96 11802 2018-12-17 11802 2018-12-17 წიგნი 1.84 ლ.